000 00557nam a2200241Ia 4500
003 OSt
005 20221005122609.0
006 a|||||r|||| 00| 0
007 ta
008 221004b |||||||| |||| 00| 0 tel d
024 _a39898
037 _cTextual
040 _aCRL
_cCRL
_btel
041 _2tel
_atel
082 _aV271:7.J, 35L7
100 _aVerma
245 0 _aKalingadeva
260 _c1977
300 _a198p.
_ccm.
650 _aHISTORY
942 _hV271:7.J, 35L7
_cTEXL
_2cc
999 _c1044767
_d1044767